top 10 jedi ever - Statistics

General Stats
  • This quiz has been taken 17 times
  • The average score is 6 of 12
Answer Stats
Hint Answer % Correct
3 Obi Wan Kenobi
100%
4 Anakin Skywalker
93%
2 Yoda
93%
1 Luke Skywalker
87%
5 Mace Windu
87%
6 Qui Gon Jin
47%
10 Cade Skywalker
33%
7 Plo Koon
33%
9 Ashoka Tano
7%
hm Mara Jade
7%
hm Rey Palpatine
7%
8 Revan
0%
No matching quizzes found
Score Distribution
Percent of People with Each Score
Percentile by Number Answered
Your Score History
You have not taken this quiz